Normal view
MARC view
Entry Personal Name
001 - CONTROL NUMBER
- control field: 51860
003 - CONTROL NUMBER IDENTIFIER
- control field: ARRUPE
005 - DATE AND TIME OF LATEST TRANSACTION
- control field: 20221117114209.0
008 - FIXED-LENGTH DATA ELEMENTS
- fixed length control field: 221117|| aca||aabn | a|a d
040 ## - CATALOGING SOURCE
- Original cataloging agency: ARRUPE
- Transcribing agency: ARRUPE
100 ## - HEADING--PERSONAL NAME
- Personal name: Pyle, Eric H.,
- Dates associated with a name: 1918- [from old catalog]
670 ## - SOURCE DATA FOUND
- Source citation: Work cat.: (ARRUPE)131531: Pyle, Eric H., 1918- [from old catalog], Introducing Christianity, [1961]